000 00649nam a2200217 i 4500
001 bg
245 1 0 _aStal - atlas metalograficzny struktur :
_bpraca /
_cpod red. ; aut. J. Haas [et al.]
_nF. Stauba.
260 _aWarszawa :
_bWydawnictwo Naukowo-Techniczne,
_c1964.
300 _a217 s. :
_bfot. ;
_c30 cm.
504 _aIndeks.
650 9 _aStal
_xobróbka cieplna
650 9 _aMetalografia
655 _aAtlasy
700 1 _aStaub, Fryderyk
_d(1899-1982).
_eRed.
700 1 _aHaas, Jerzy.
040 _cBPK
041 0 _apol
080 _a669.1.017/.018:620.1:621.78](084.3)
942 _cKA
008 s pl f |000 0 pol
999 _c35187
_d35187
856 _uhttp://koha.tu.koszalin.pl/cgi-bin/koha/opac-detail.pl?biblionumber=35187
_yKatalog online BPK